[Event "IRI-ch U18"]
[Site "Chess.com INT"]
[Date "2021.01.26"]
[Round "1"]
[White "Nazari, Arad"]
[Black "Mohammadi, Amir Hossein"]
[Result "1-0"]
[WhiteElo "2298"]
[BlackElo "1412"]
[PlyCount "99"]
[EventDate "2021.01.26"]
[EventType "swiss"]
[EventRounds "9"]
[EventCountry "IRI"]
[SourceTitle "CBM 200 Extra"]
[Source "ChessBase"]
[SourceDate "2021.03.31"]
[SourceVersion "1"]
[SourceVersionDate "2021.03.31"]
[SourceQuality "1"]

1. e4 c5 2. Nf3 d6 3. Bb5+ Nd7 4. d4 cxd4 5. Qxd4 a6 6. Bxd7+ Bxd7 7. c4 Rc8 8. Nc3 Nf6 9. Bg5 e6 10. 0-0 Be7 11. Rfd1 Bc6 12. Rac1 Qa5 13. Bd2 Qh5 14. h3 Rd8 15. Qe3 Qg6 16. Re1 0-0 17. Nd4 Bd7 18. Nde2 e5 19. Ng3 Be6 20. Nd5 Nxd5 21. cxd5 Bd7 22. Rc7 b5 23. Ra7 Bh4 24. Ba5 f5 25. exf5 Bxf5 26. Bxd8 Rxd8 27. Nxf5 Qxf5 28. Qf3 Qg6 29. Qg4 Qf6 30. Qe6+ Qxe6 31. dxe6 Re8 32. Rc1 h6 33. Rcc7 Bf6 34. Rxa6 Rxe6 35. Rd7 e4 36. Rdxd6 Re5 37. b3 Rc5 38. Rac6 Rf5 39. a4 bxa4 40. bxa4 Ra5 41. Rc4 Re5 42. Rd1 e3 43. fxe3 Rxe3 44. Rc8+ Kf7 45. a5 Ra3 46. Ra8 Ra4 47. a6 Kg6 48. a7 Bd4+ 49. Rxd4 Rxd4 50. Rb8 1-0

[Event "IRI-ch U12"]
[Site "Chess.com INT"]
[Date "2021.01.16"]
[Round "9"]
[White "Mohammadi, Amir Hossein"]
[Black "Beygi, Mahyar"]
[Result "1-0"]
[WhiteElo "1606"]
[BlackElo "1355"]
[PlyCount "57"]
[EventDate "2021.01.16"]
[EventType "swiss"]
[EventRounds "11"]
[EventCountry "IRI"]
[SourceTitle "EXT 2022"]
[Source "ChessBase"]
[SourceDate "2021.10.06"]
[SourceVersion "1"]
[SourceVersionDate "2021.10.06"]
[SourceQuality "1"]

1. e4 c5 2. Nf3 d6 3. d4 cxd4 4. Nxd4 Nf6 5. Nc3 a6 6. Bg5 Nc6 7. Bxf6 exf6 8. Bc4 Be7 9. 0-0 0-0 10. Nd5 Ne5 11. Nxe7+ Qxe7 12. Bd3 Bg4 13. f3 Be6 14. Kh1 Rac8 15. Qd2 Rfd8 16. c3 Qe8 17. b3 Rc7 18. c4 Rdc8 19. Rad1 Rd8 20. Rfe1 Rdd7 21. Nc2 Qb8 22. a4 Qa7 23. Ne3 Qb6 24. Bc2 h5 25. Nd5 Bxd5 26. exd5 Re7 27. Re3 Nxc4 28. Rxe7 Nxd2 29. Re8# 1-0

[Event "IRI-ch U12"]
[Site "Chess.com INT"]
[Date "2021.01.16"]
[Round "11"]
[White "Mohammadi, Amir Hossein"]
[Black "Darvishi, Matin"]
[Result "0-1"]
[WhiteElo "1606"]
[BlackElo "1290"]
[PlyCount "126"]
[EventDate "2021.01.16"]
[EventType "swiss"]
[EventRounds "11"]
[EventCountry "IRI"]
[SourceTitle "EXT 2022"]
[Source "ChessBase"]
[SourceDate "2021.10.06"]
[SourceVersion "1"]
[SourceVersionDate "2021.10.06"]
[SourceQuality "1"]

1. e4 c5 2. Nf3 Nc6 3. d4 cxd4 4. Nxd4 g6 5. Nxc6 bxc6 6. Qd4 Nf6 7. e5 Nd5 8. Bc4 Bb7 9. 0-0 Bg7 10. Bxd5 cxd5 11. Nc3 d6 12. Nxd5 dxe5 13. Qa4+ Kf8 14. Nc3 Qd4 15. Be3 Qxa4 16. Nxa4 e4 17. Nc5 Bc6 18. c3 Rb8 19. Rad1 Kg8 20. Rd2 h5 21. Rfd1 Kh7 22. Nb3 Ba4 23. Bxa7 Bxb3 24. axb3 Rxb3 25. Bd4 Bxd4 26. cxd4 Rhb8 27. Rb1 Kg7 28. Kf1 Kf6 29. Ke2 Ke6 30. Kd1 Kd5 31. Kc2 R3b4 32. f3 exf3 33. gxf3 Rxd4 34. Re2 e6 35. Rd2 Rc8+ 36. Kd1 Rcc4 37. Ke2 Rxd2+ 38. Kxd2 Rh4 39. b4 Rxh2+ 40. Kd3 Kc6 41. Rc1+ Kb5 42. Rc7 Kxb4 43. Rxf7 h4 44. Rf6 h3 45. Rxg6 Rh1 46. Ke2 h2 47. Rh6 Ra1 48. Ke3 h1Q 49. Rxh1 Rxh1 50. Ke4 Re1+ 51. Kf4 Kc4 52. Kg5 Kd4 53. f4 Rf1 54. Kg4 Ke4 55. Kg3 Rxf4 56. Kh3 Kf5 57. Kg3 e5 58. Kh3 Rg4 59. Kh2 e4 60. Kh3 e3 61. Kh2 e2 62. Kh3 e1Q 63. Kh2 Qh4# 0-1